[Event "Challenge"]
[Site "http://www.queenalice.com/game.php?id=1474980"]
[Date "2017.4.24"]
[Round "-"]
[White "pecice"]
[Black "mvson33"]
[Result "1-0"]
[WhiteElo "1555"]
[BlackElo "1842"]

1. e4 e5 2. Nf3 Nc6 3. Be2 Nf6 4. d3 Bc5 5. O-O O-O 6. c3 Be7 7. b4 d6 8. a3 Bg4
9. h3 Bxf3 10. Bxf3 a6 11. Bb2 Nd7 12. c4 f5 13. exf5 Rxf5 14. Bxc6 bxc6 15. Nd2
Rf8 16. Ne4 Nf6 17. Qe2 Rb8 18. f4 exf4 19. Rxf4 Nxe4 20. Rxe4 Bf6 21. Bxf6 Rxf6
22. Rf1 Qf8 23. Rxf6 gxf6 24. Re7 Rc8 25. Qe6+ Kh8 26. Rf7 Qe8 27. Qxf6+ 1-0

[Event "Challenge"]
[Site "http://www.queenalice.com/game.php?id=1474981"]
[Date "2017.4.24"]
[Round "-"]
[White "mvson33"]
[Black "pecice"]
[Result "1-0"]
[WhiteElo "1794"]
[BlackElo "1582"]

1. e4 e5 2. Nf3 d6 3. Bc4 Be7 4. Nc3 Nf6 5. d3 O-O 6. h3 c6 7. a3 b5 8. Ba2 a5
9. Bd2 Ba6 10. O-O c5 11. Nd5 c4 12. Nxf6+ Bxf6 13. Qe2 cxd3 14. cxd3 Nc6 15.
Rac1 Nd4 16. Nxd4 exd4 17. Bd5 Rc8 18. Rfd1 Bg5 19. Bxg5 Qd7 20. Qf3 h6 21. Bh4
b4 22. Bg3 Rxc1 23. Rxc1 bxa3 24. bxa3 Qa4 25. Bxd6 Qe8 26. Bxf8 Kxf8 27. Rc7 f6
28. Rf7+ 1-0

[Event "Challenge"]
[Site "http://www.queenalice.com/game.php?id=1476057"]
[Date "2017.5.1"]
[Round "-"]
[White "mvson33"]
[Black "pecice"]
[Result "1-0"]
[WhiteElo "1677"]
[BlackElo "1574"]

1. e4 e5 2. Nf3 d6 3. Bc4 Be7 4. h3 Nf6 5. Nc3 O-O 6. a3 c6 7. O-O b5 8. Ba2 a6
9. d3 Bb7 10. Bg5 h6 11. Bh4 Nh5 12. Bxe7 Qxe7 13. Qd2 Nf4 14. Nh2 d5 15. exd5
cxd5 16. Rfe1 d4 17. Qxf4 dxc3 18. bxc3 Qc5 19. Qxe5 Qc6 20. Nf3 Nd7 21. Qd4
Rad8 22. Qe3 Qxc3 23. Qf4 Qxc2 24. Rec1 Qxd3 25. Ne5 Nxe5 26. Qxe5 Rfe8 27. Qb2
Qg6 28. f3 Bxf3 29. Rf1 Re7 30. Rxf3 Rde8 31. Bxf7+ 1-0

[Event "Challenge"]
[Site "http://www.queenalice.com/game.php?id=1476058"]
[Date "2017.5.1"]
[Round "-"]
[White "pecice"]
[Black "mvson33"]
[Result "0-1"]
[WhiteElo "1562"]
[BlackElo "1689"]

1. e4 e5 2. Nf3 Nc6 3. Be2 d6 4. O-O Nf6 5. d3 Be7 6. Bg5 O-O 7. c3 Bg4 8. h3
Bh5 9. Nh2 Bxe2 10. Qxe2 Nd7 11. Bxe7 Qxe7 12. b4 a6 13. a4 f5 14. exf5 Rxf5 15.
Nd2 Raf8 16. Ne4 R5f7 17. b5 axb5 18. axb5 Nd8 19. c4 b6 20. Ra7 Nf6 21. Nxf6+
Rxf6 22. Ng4 R6f7 23. Ne3 Ne6 24. Nd5 Qd8 25. Rfa1 Nd4 26. Qa2 Qd7 27. Rxc7 Qf5
28. Rxf7 Qxf7 29. Rf1 Qb7 30. Qa6 Qb8 0-1

[Event "Let's Play Chess!"]
[Site "http://www.queenalice.com/game.php?id=1486483"]
[Date "2017.7.17"]
[Round "-"]
[White "pecice"]
[Black "Rod_"]
[Result "0-1"]
[WhiteElo "1551"]
[BlackElo "1780"]

1. e4 e5 2. Nf3 d6 3. Be2 Nc6 4. O-O Qf6 5. c3 a6 6. d4 exd4 7. cxd4 Qg6 8. d5
Ne5 9. Nxe5 dxe5 10. Re1 Bh3 11. g3 h5 12. Bf1 Bxf1 13. Kxf1 Bb4 14. Bd2 Bxd2
15. Nxd2 Nf6 16. Rc1 Rc8 17. Qb3 b5 0-1

[Event "Let's Play 167"]
[Site "http://www.queenalice.com/game.php?id=1513835"]
[Date "2018.2.1"]
[Round "-"]
[White "digger"]
[Black "pecice"]
[Result "0-1"]
[WhiteElo "1607"]
[BlackElo "1548"]

1. Nf3 d5 2. d4 e6 3. Bg5 Be7 4. Bf4 Nf6 5. Nfd2 O-O 6. c4 c6 7. c5 b5 8. cxb6
axb6 9. Qc2 Bb7 10. Nc3 Nbd7 11. O-O-O b5 12. g3 g6 13. Bh3 Ba6 14. Rhe1 c5 15.
e4 cxd4 16. Ne2 Rc8 17. Nc3 dxc3 18. bxc3 dxe4 19. Nxe4 Nxe4 20. Rxe4 Ba3+ 21.
Kb1 b4 22. Bd6 Rxc3 23. Qd2 Rd3 24. Qc2 Rc3 25. Qd2 Bd3+ 26. Ka1 Qf6 27. Re5
Nxe5 28. Bxf8 Nf3 29. Bxb4 Nxd2 30. Bxa3 Rc1# 0-1

[Event "Let's Play Chess!"]
[Site "http://www.queenalice.com/game.php?id=1515794"]
[Date "2018.2.14"]
[Round "-"]
[White "pecice"]
[Black "Ruusgugg"]
[Result "1-0"]
[WhiteElo "1554"]
[BlackElo "1451"]

1. e4 Nc6 2. Nf3 e5 3. Be2 f6 4. O-O g5 5. d3 g4 6. Ne1 b5 7. Bxg4 Bd6 8. Bh5+
Kf8 9. f4 Bc5+ 10. Kh1 exf4 11. Rxf4 Bb7 12. Qg4 Ne5 13. Qh4 Be7 14. d4 f5 15.
Rxf5+ Bf6 16. Rxf6+ Nxf6 17. dxe5 Nxh5 18. Qxh5 Bxe4 19. Bh6+ Ke7 20. Bg5+ 1-0

[Event "Let's Play Chess!"]
[Site "http://www.queenalice.com/game.php?id=1517667"]
[Date "2018.2.28"]
[Round "-"]
[White "pecice"]
[Black "Ruusgugg"]
[Result "0-1"]
[WhiteElo "1593"]
[BlackElo "1548"]

1. e4 e6 2. Nf3 g5 3. d4 b6 4. Be2 g4 5. Ne5 h5 6. O-O Bb7 7. d5 c6 8. dxc6 Bc8
9. cxd7+ Nxd7 10. Nxd7 Bxd7 11. Bf4 Qh4 12. Bg3 Qe7 13. Be5 f6 14. Bf4 Bc6 15.
Bd3 Rd8 16. Qe2 e5 17. Be3 Qh7 18. f4 Bd6 19. fxe5 Bxe5 20. Nc3 g3 21. h3 Nh6
22. Bxh6 Qxh6 23. a4 Bd4+ 24. Kh1 O-O 25. Rf5 Bd7 26. Rxh5 Qg7 27. Bc4+ Rf7 28.
Bxf7+ Qxf7 29. Rd5 Be5 30. Rad1 Qe7 31. Qh5 Qg7 32. R1d3 Re8 33. Qxe8+ Bxe8 0-1

[Event "Let's Play Chess!"]
[Site "http://www.queenalice.com/game.php?id=1526298"]
[Date "2018.5.6"]
[Round "-"]
[White "pecice"]
[Black "Derik_vd_Heever"]
[Result "0-1"]
[WhiteElo "1566"]
[BlackElo "1522"]

1. e4 e5 2. Nf3 Nc6 3. Be2 Nf6 4. d3 Bb4+ 5. c3 Ba5 6. b4 Bb6 7. a4 Ng4 8. O-O
Qf6 9. a5 O-O 10. h3 Nh6 11. axb6 cxb6 0-1

[Event "Let's Play Chess!"]
[Site "http://www.queenalice.com/game.php?id=1527378"]
[Date "2018.5.16"]
[Round "-"]
[White "pecice"]
[Black "PatricioKM"]
[Result "0-1"]
[WhiteElo "1573"]
[BlackElo "1839"]

1. e4 e5 2. Nf3 Nc6 3. Be2 Nf6 4. d3 h6 5. O-O d5 6. exd5 Nxd5 7. c4 Nf6 8. Nc3
Bc5 9. Be3 Bxe3 10. fxe3 Ng4 11. Qd2 O-O 12. h3 Nf6 13. a3 b6 14. b4 a5 15. b5
Ne7 16. Nxe5 Be6 17. Rxf6 gxf6 18. Ng4 Bxg4 19. Bxg4 Ng6 20. Nd5 Ne5 21. Rf1
Nxg4 22. hxg4 Qd6 23. Nxf6+ Kh8 24. e4 Kg7 25. Nh5+ Kh8 26. Qc3+ Kh7 27. Nf6+
Kg6 28. a4 Rad8 29. Nd5 c5 0-1

[Event "Let's Play Chess!"]
[Site "http://www.queenalice.com/game.php?id=1536163"]
[Date "2018.7.27"]
[Round "-"]
[White "pecice"]
[Black "roseej"]
[Result "0-1"]
[WhiteElo "1537"]
[BlackElo "1627"]

1. e4 c5 2. Nf3 Nf6 3. d3 Nc6 4. Be2 e5 5. O-O h6 6. c4 g5 7. g3 d6 8. Be3 Bh3
9. Re1 Ng4 10. Nfd2 Nxe3 11. fxe3 Qf6 12. Bf1 Bxf1 13. Rxf1 Qg6 14. Nc3 O-O-O
15. Nd5 Nb4 16. Nxb4 cxb4 17. a3 bxa3 0-1

[Event "Let's Play Chess!"]
[Site "http://www.queenalice.com/game.php?id=1546534"]
[Date "2018.10.20"]
[Round "-"]
[White "pecice"]
[Black "josebaron"]
[Result "0-1"]
[WhiteElo "1575"]
[BlackElo "1974"]

1. e4 e5 2. Nf3 Nc6 3. Be2 Be7 4. O-O Nf6 5. d3 d6 6. c4 O-O 7. Nc3 Nd4 8. Nxd4
exd4 9. Nb5 c5 10. Bg5 h6 11. Bh4 a6 0-1